|
|
|
|
| LEADER |
00000nam0a2200000 4500 |
| 001 |
57701 |
| 005 |
20231031054412.0 |
| 035 |
|
|
|a (RuTPU)RU\TPU\book\60920
|
| 090 |
|
|
|a 57701
|
| 100 |
|
|
|a 20031114d1980 k a0rusy5003 ca
|
| 101 |
0 |
|
|a rus
|
| 102 |
|
|
|a RU
|
| 105 |
|
|
|a y z 001zy
|
| 200 |
1 |
|
|a Метод тригонометрических сумм в теории чисел
|f И. М. Виноградов
|
| 205 |
|
|
|a 2-е изд., испр. и доп.
|
| 210 |
|
|
|a Москва
|c Наука
|d 1980
|
| 215 |
|
|
|a 144 с.
|
| 320 |
|
|
|a Библиогр.: с. 144.
|
| 610 |
1 |
|
|a тригонометрические суммы
|
| 610 |
0 |
|
|a числа
|
| 675 |
|
|
|a 511.336
|
| 700 |
|
1 |
|a Виноградов
|b И. М.
|g Иван Матвеевич
|
| 801 |
|
0 |
|a RU
|b RuMRKP
|c 19950704
|g psbo
|
| 801 |
|
1 |
|a RU
|b 63413507
|c 20031114
|g PSBO
|
| 801 |
|
2 |
|a RU
|b 63413507
|c 20140507
|g PSBO
|
| 942 |
|
|
|c BK
|